Obálka Náhled e-knihy:
Epub
Pro půjčování e-knih musíte být přihlášeni.
Jak si půjčit online?

Robinson Crusoe /

Daniel Defoe relates the tale of an English sailor marooned on a desert island for nearly three decades. An ordinary man struggling to survive in extraordinary circumstances, Robinson Crusoe wrestles with fate and the nature of God. This edition features maps.

Uloženo v:
Hlavní autor: Defoe, Daniel (Autor)
Médium: E-kniha
Jazyk:Czech
Vydáno: Praha : Saga Egmont, 2021
Tagy:
Žádné tagy
LEADER 01143nam a22002297i 4500
001 312063
007 ta
008 260601s2021 xr ||||| |||| 00| 0 cze d
020 |a 9990003848161 
044 |a xr 
100 1 |a  Defoe, Daniel  |4 aut 
245 1 0 |a Robinson Crusoe /  |c  Defoe, Daniel 
264 1 |a Praha :  |b Saga Egmont,  |c 2021 
300 |a 1 online zdroj (163 stran) 
336 |a text  |b txt  |2 rdacontent 
337 |a bez média  |b n  |2 rdamedia 
338 |a online zdroj  |b cr  |2 rdacarrier 
520 2 |a Daniel Defoe relates the tale of an English sailor marooned on a desert island for nearly three decades. An ordinary man struggling to survive in extraordinary circumstances, Robinson Crusoe wrestles with fate and the nature of God. This edition features maps. 
910 |a RBIT002 
998 |d 384816  |a https://core.palmknihy.cz/api/books/384816/cover?shb7zx  |b https://core.palmknihy.cz/api/books/384816/cover/400?shb7zx  |c https://core.palmknihy.cz/api/books/384816/cover/50?shb7zx  |e   |g 163  |i 9990003848161  |j https://core.palmknihy.cz/api/books/384816/preview.epub  |l   |q 49  |r 1  |s https://www.palmknihy.cz/kniha/384816  |t ebook  |y 2021  |z 1 
999 |d 312061